00720 2200289 4500001002100000005001500021035002000036007000300056008004100059020002200100082001000122084001600132084001800148100002200166245004700188260003300235300003400268650002500302504003000327250001100357990001100368990001100379990000900390990000900399990001100408990001100419INLIS00000000000343520220623032519 a0010-0519000027ta220623 g 0 ind  a978-602-9434-05-7 a613.2 a613.2 ULF s a641.563 ULF s0 aULFAH, Nurrahmani1 aStop! Kolestrol Tinggi /cUlfah Nurrahmani aYogyakarta :bFamilia,c2012 aix, 144 hlm :bilus. ;c21 cm 4aKESEHATAN. KOLESTROL aBibliografi: hlm. 143-144 aCet. 1 a6522 a a6522 b a3440 a3440 a6522 a a6522 b